[Event "4NCL/Div1/3CS1 vs. BAR1"]
[Site "Sunningdale ENG"]
[Date "2006.09.16"]
[Round "1.1"]
[White "Davies, Nigel R"]
[Black "Collinson, Adam"]
[Result "1/2-1/2"]
[WhiteElo "2512"]
[BlackElo "2381"]
[PlyCount "73"]
[EventDate "2006.09.16"]

1. d4 d6 2. Nf3 Nf6 3. c4 g6 4. g3 Bg7 5. Bg2 O-O 6. O-O c6 7. h3 a6 8. b3 b5
9. Nbd2 Nbd7 10. Bb2 Rb8 11. Qc2 bxc4 12. Nxc4 c5 13. Rfd1 Bb7 14. Rac1 Qc7 15.
dxc5 Nxc5 16. Qd2 Rfc8 17. Qa5 Be4 18. Qxc7 Rxc7 19. Ne1 Bxg2 20. Nxg2 Ncd7 21.
Nge3 Rbc8 22. Kg2 Rc5 23. Bd4 R5c6 24. Bb2 h5 25. f4 Bf8 26. Kf3 e6 27. Na5
Rxc1 28. Rxc1 Rxc1 29. Bxc1 d5 30. Nc2 Ne4 31. Be3 Bd6 32. Nb7 Be7 33. Nd4 Nb8
34. Na5 Kf8 35. Ndc6 Nxc6 36. Nxc6 Bd6 37. Bd4 1/2-1/2

[Event "4NCL/Div1/3CS1 vs. BAR1"]
[Site "Sunningdale ENG"]
[Date "2006.09.16"]
[Round "1.2"]
[White "Devereaux, Maxim"]
[Black "Gordon, Stephen J"]
[Result "1/2-1/2"]
[WhiteElo "2377"]
[BlackElo "2443"]
[PlyCount "33"]
[EventDate "2006.09.16"]

1. d4 Nf6 2. c4 e6 3. Nf3 b6 4. a3 Ba6 5. Qc2 Bb7 6. Nc3 c5 7. e4 cxd4 8. Nxd4
Bc5 9. Nb3 Nc6 10. Bg5 Be7 11. Be2 d6 12. O-O O-O 13. Rfd1 Qb8 14. Bf4 Ne5 15.
Bg3 Rc8 16. Nd2 a6 17. Rac1 1/2-1/2

[Event "4NCL/Div1/3CS1 vs. BAR1"]
[Site "Sunningdale ENG"]
[Date "2006.09.16"]
[Round "1.3"]
[White "Ashton, Adam G"]
[Black "Cox, John J"]
[Result "1-0"]
[WhiteElo "2329"]
[BlackElo "2418"]
[PlyCount "91"]
[EventDate "2006.09.16"]

1. e4 Nf6 2. e5 Nd5 3. Nc3 Nxc3 4. bxc3 d5 5. d4 c5 6. Bd3 Nc6 7. Nf3 e6 8. O-O
Bd7 9. Be3 c4 10. Be2 Be7 11. Ne1 f6 12. exf6 Bxf6 13. f4 O-O 14. Bg4 Qe7 15.
Nf3 Qa3 16. Qd2 Rae8 17. Rae1 Ne7 18. Ne5 Bxe5 19. dxe5 Nc6 20. Bd4 b6 21. Bh3
Nxd4 22. cxd4 c3 23. Qd3 a6 24. Rf3 Qxa2 25. f5 Qc4 26. fxe6 Qxd3 27. Rxd3 Bxe6
28. Bxe6+ Rxe6 29. Rxc3 Rf4 30. Rc8+ Kf7 31. Rf1 Rxf1+ 32. Kxf1 Ke7 33. Rc7+
Kf8 34. Ke2 Rg6 35. Kf3 Ke8 36. g4 Kd8 37. Ra7 a5 38. h4 h6 39. h5 Rc6 40. Rxg7
a4 41. Ra7 b5 42. Ra5 Rxc2 43. Rxb5 a3 44. Rxd5+ Ke7 45. Ra5 Ra2 46. Ke4 1-0

[Event "4NCL/Div1/3CS1 vs. BAR1"]
[Site "Sunningdale ENG"]
[Date "2006.09.16"]
[Round "1.4"]
[White "Collins, Sam"]
[Black "Bentley, John L"]
[Result "1-0"]
[WhiteElo "2396"]
[BlackElo "2245"]
[PlyCount "55"]
[EventDate "2006.09.16"]

1. e4 c5 2. c3 a6 3. Nf3 d5 4. exd5 Qxd5 5. d4 Bg4 6. dxc5 Qxd1+ 7. Kxd1 e5 8.
b4 Nc6 9. h3 O-O-O+ 10. Kc2 Bf5+ 11. Kb2 e4 12. Nfd2 Be7 13. Nc4 Kb8 14. a4 Ka8
15. b5 Nb8 16. Nb6+ Ka7 17. Be3 Bf6 18. Na3 h6 19. h4 Ne7 20. Nac4 Be6 21. Nd6
Nf5 22. Nxf5 Bxf5 23. Be2 Be6 24. g3 Rhe8 25. Rhb1 Bf5 26. Kc2 h5 27. c6 bxc6
28. Nd5+ 1-0

[Event "4NCL/Div1/3CS1 vs. BAR1"]
[Site "Sunningdale ENG"]
[Date "2006.09.16"]
[Round "1.6"]
[White "Berry, Neil"]
[Black "Adams, Philip J"]
[Result "1/2-1/2"]
[WhiteElo "2334"]
[BlackElo "2145"]
[PlyCount "44"]
[EventDate "2006.09.16"]

1. d4 Nf6 2. c4 e6 3. Nc3 Bb4 4. f3 d5 5. a3 Be7 6. e4 dxe4 7. fxe4 e5 8. d5
Bc5 9. Nf3 Bg4 10. h3 Bxf3 11. Qxf3 Nbd7 12. Bd3 a5 13. Rf1 O-O 14. Bg5 Be7 15.
Be3 Nc5 16. Bc2 Nfd7 17. Kf2 a4 18. Kg1 Bg5 19. Nd1 Ra6 20. Bf2 Qe7 21. Ne3 g6
22. Rad1 Rb6 1/2-1/2

[Event "4NCL/Div1/3CS1 vs. BAR1"]
[Site "Sunningdale ENG"]
[Date "2006.09.16"]
[Round "1.7"]
[White "Platts, Philip"]
[Black "D'Costa, Lorin A R"]
[Result "0-1"]
[WhiteElo "1920"]
[BlackElo "2375"]
[PlyCount "68"]
[EventDate "2006.09.16"]

1. d4 Nf6 2. Nf3 e6 3. e3 b6 4. Bd3 Bb7 5. Nbd2 c5 6. c3 cxd4 7. exd4 Be7 8.
O-O O-O 9. Re1 d6 10. Qe2 a6 11. Ng5 Qc7 12. Nde4 Nbd7 13. Nxe6 fxe6 14. Ng5 e5
15. Bc4+ d5 16. Bb3 e4 17. Ne6 Qd6 18. Nxf8 Rxf8 19. Bg5 Bd8 20. Bh4 Qf4 21.
Bg3 Qg5 22. Qe3 Qg6 23. Bd6 Rf7 24. Qg3 Qf5 25. Qf4 Qe6 26. Be5 Nxe5 27. dxe5
Bc7 28. Rxe4 Nxe4 29. Qxe4 Qxe5 30. Qxe5 Bxe5 31. Re1 Re7 32. f4 Bd4+ 33. Kf1
Rxe1+ 34. Kxe1 Be3 0-1

[Event "4NCL/Div1/GUI2 vs. GUI1"]
[Site "Sunningdale ENG"]
[Date "2006.09.16"]
[Round "1.1"]
[White "Howell, David W L"]
[Black "King, Daniel J"]
[Result "1-0"]
[WhiteElo "2479"]
[BlackElo "2534"]
[PlyCount "71"]
[EventDate "2006.09.16"]

1. e4 c5 2. c3 e6 3. d4 d5 4. exd5 exd5 5. Nf3 Nc6 6. Bb5 cxd4 7. O-O Bc5 8.
Nxd4 Nge7 9. Bg5 Bd7 10. Nb3 Bb6 11. Re1 f6 12. Be3 O-O 13. Nc5 Bc8 14. Nb3 Ne5
15. N1d2 Bg4 16. Be2 Bxe3 17. Bxg4 Bb6 18. Nd4 Qd6 19. N2b3 f5 20. Bf3 a6 21.
Nd2 Rad8 22. Qb3 Rf6 23. Re2 Nd3 24. Nc4 Qc5 25. Nxb6 Rxb6 26. Qc2 Nf4 27. Re3
g6 28. Rae1 Nc6 29. Nb3 Qd6 30. h4 Rf8 31. Qd2 Rb5 32. g3 Nh5 33. c4 Rb4 34.
Bxd5+ Kg7 35. Re6 Qd8 36. Qc3+ 1-0

[Event "4NCL/Div1/GUI2 vs. GUI1"]
[Site "Sunningdale ENG"]
[Date "2006.09.16"]
[Round "1.2"]
[White "Conquest, Stuart C"]
[Black "Wallace, John P"]
[Result "1-0"]
[WhiteElo "2534"]
[BlackElo "2419"]
[PlyCount "70"]
[EventDate "2006.09.16"]

1. e4 e6 2. d4 d5 3. Nd2 Nf6 4. e5 Nfd7 5. c3 c5 6. f4 Nc6 7. Ndf3 Qb6 8. a3 a5
9. Nh3 cxd4 10. cxd4 Ndb8 11. b3 Bd7 12. Be2 Be7 13. Ra2 Na6 14. O-O Nc7 15.
Kh1 Nb5 16. Bb2 f5 17. Nf2 h6 18. Qd3 Nc7 19. Qe3 O-O-O 20. Rc1 Be8 21. Nd2 g5
22. Nd3 gxf4 23. Qf2 Na6 24. Raa1 Bg5 25. Bf3 Kd7 26. Re1 h5 27. Rab1 h4 28. h3
Bh5 29. b4 axb4 30. axb4 Ncxb4 31. Nxb4 Qxb4 32. Ba1 Qa4 33. Rxb7+ Ke8 34. Qe2
Bxf3 35. Nxf3 Be7 1-0

[Event "4NCL/Div1/GUI2 vs. GUI1"]
[Site "Sunningdale ENG"]
[Date "2006.09.16"]
[Round "1.3"]
[White "Buckley, Graeme"]
[Black "Hebden, Mark L"]
[Result "0-1"]
[WhiteElo "2379"]
[BlackElo "2532"]
[PlyCount "68"]
[EventDate "2006.09.16"]

1. d4 Nf6 2. c4 g6 3. Nc3 Bg7 4. e4 d6 5. Nf3 O-O 6. Be2 e5 7. Be3 Ng4 8. Bg5
f6 9. Bc1 exd4 10. Nxd4 f5 11. O-O fxe4 12. Bxg4 Bxg4 13. Qxg4 Bxd4 14. Qxe4
Nc6 15. Bh6 Rf7 16. Rad1 Qf6 17. Nd5 Qe5 18. Qxe5 Bxe5 19. b4 Nd4 20. f4 Bh8
21. Rfe1 Nf5 22. Bg5 h6 23. Ne7+ Nxe7 24. Bxe7 Bc3 25. Re6 Re8 26. Rxg6+ Kh7
27. Rg3 Bxb4 28. Bh4 Rxf4 29. Rh3 Bc5+ 30. Kh1 Rxc4 31. Bf6 Re3 32. Rxe3 Bxe3
33. h3 Kg6 34. Bd8 Bg5 0-1

[Event "4NCL/Div1/GUI2 vs. GUI1"]
[Site "Sunningdale ENG"]
[Date "2006.09.16"]
[Round "1.4"]
[White "Kosten, Anthony C"]
[Black "Povah, Nigel E"]
[Result "1/2-1/2"]
[WhiteElo "2530"]
[BlackElo "2358"]
[PlyCount "22"]
[EventDate "2006.09.16"]

1. c4 e5 2. g3 Nf6 3. Bg2 c6 4. d4 exd4 5. Qxd4 Na6 6. Nc3 Bc5 7. Qe5+ Qe7 8.
Qxe7+ Bxe7 9. Bf4 O-O 10. O-O-O Rd8 11. Bd6 Bxd6 1/2-1/2

[Event "4NCL/Div1/GUI2 vs. GUI1"]
[Site "Sunningdale ENG"]
[Date "2006.09.16"]
[Round "1.5"]
[White "Lalic, Susan"]
[Black "Pert, Nicholas"]
[Result "0-1"]
[WhiteElo "2350"]
[BlackElo "2503"]
[PlyCount "98"]
[EventDate "2006.09.16"]

1. e4 e6 2. d4 d5 3. Nc3 Bb4 4. Nge2 dxe4 5. a3 Be7 6. Nxe4 Nf6 7. N2g3 O-O 8.
Be3 Nd5 9. Bd2 f5 10. Nc3 Nc6 11. Nge2 Bf6 12. Nxd5 Qxd5 13. Be3 e5 14. dxe5
Qxe5 15. Nf4 Be6 16. Bd3 Qxb2 17. O-O Qxa1 18. Qxa1 Bxa1 19. Nxe6 Bc3 20. Nxf8
Rxf8 21. Rd1 f4 22. Bc4+ Kh8 23. Bc5 Rd8 24. Rxd8+ Nxd8 25. Bd5 c6 26. Bb3 b6
27. Bd6 f3 28. Bb8 fxg2 29. Bxa7 Bd4 30. Kxg2 g6 31. c3 Bc5 32. Bb8 Kg7 33.
Be5+ Kf8 34. a4 Ke7 35. h4 Nf7 36. Bd4 Bxd4 37. cxd4 Nd6 38. h5 gxh5 39. Bc2 h6
40. Kg3 Ke6 41. Kh4 Kd5 42. Kxh5 Kxd4 43. Kxh6 c5 44. Kg7 c4 45. Kf6 Ne4+ 46.
Ke6 Nxf2 47. Kd6 Nd3 48. Bd1 Nb4 49. Kc7 Kc5 0-1

[Event "4NCL/Div1/GUI2 vs. GUI1"]
[Site "Sunningdale ENG"]
[Date "2006.09.16"]
[Round "1.6"]
[White "Plaskett, James"]
[Black "Sharpe, Ian"]
[Result "1/2-1/2"]
[WhiteElo "2490"]
[BlackElo "2255"]
[PlyCount "47"]
[EventDate "2006.09.16"]

1. d4 Nf6 2. Nf3 d5 3. c4 e6 4. Nc3 Be7 5. Bf4 c6 6. e3 Nbd7 7. Qc2 Nh5 8. Be5
Nxe5 9. dxe5 g6 10. O-O-O Qc7 11. cxd5 cxd5 12. e4 dxe4 13. Bb5+ Kf8 14. Qxe4
a6 15. Be2 Bd7 16. Nd4 Ng7 17. Bf3 Rb8 18. Kb1 Nf5 19. Nxf5 gxf5 20. Qf4 Rg8
21. h4 Bc6 22. Rhg1 Rd8 23. Rxd8+ Bxd8 24. Bxc6 1/2-1/2

[Event "4NCL/Div1/GUI2 vs. GUI1"]
[Site "Sunningdale ENG"]
[Date "2006.09.16"]
[Round "1.7"]
[White "Granat, Russell G"]
[Black "Cherniaev, Alexander"]
[Result "0-1"]
[WhiteElo "2257"]
[BlackElo "2473"]
[PlyCount "74"]
[EventDate "2006.09.16"]

1. e4 g6 2. d4 Bg7 3. h4 d5 4. e5 c5 5. h5 cxd4 6. Bb5+ Bd7 7. Bxd7+ Qxd7 8. f4
Nc6 9. Nf3 Qg4 10. Kf2 gxh5 11. Nxd4 Nh6 12. Nxc6 bxc6 13. Qxg4 hxg4 14. Rh5 e6
15. Nc3 Nf5 16. Ne2 f6 17. exf6 Bxf6 18. c3 Kf7 19. Bd2 g3+ 20. Kf3 Nh4+ 21.
Kg4 Rag8+ 22. Kh3 Nf5 23. Rf1 Rg6 24. Nd4 Bxd4 25. cxd4 h6 26. Rc1 Rc8 27.
Rxf5+ exf5 28. b4 Re8 29. a4 Re2 30. Be1 a6 31. Bc3 Rf2 32. b5 cxb5 33. axb5
axb5 34. Bb4 Rxf4 35. Rc7+ Ke8 36. Re7+ Kd8 37. Re5 Rf1 0-1

[Event "4NCL/Div1/GUI2 vs. GUI1"]
[Site "Sunningdale ENG"]
[Date "2006.09.16"]
[Round "1.8"]
[White "Ciuksyte, Dagne"]
[Black "Abayasekera, Roger"]
[Result "1-0"]
[WhiteElo "2440"]
[BlackElo "2208"]
[PlyCount "75"]
[EventDate "2006.09.16"]

1. e4 c6 2. d4 d5 3. Nd2 dxe4 4. Nxe4 Bf5 5. Ng3 Bg6 6. h4 h6 7. Nf3 Nd7 8. h5
Bh7 9. Bd3 Bxd3 10. Qxd3 e6 11. Bf4 Ngf6 12. O-O-O Qa5 13. Kb1 Be7 14. Bd2 Qb6
15. Ne4 O-O-O 16. c4 Qc7 17. Qe2 Nxe4 18. Qxe4 Nf6 19. Qe2 c5 20. Ne5 Bd6 21.
Bc3 cxd4 22. Bxd4 Bxe5 23. Bxe5 Qc6 24. f3 Qc5 25. g4 Rxd1+ 26. Rxd1 Rd8 27.
Re1 Rd7 28. a3 a6 29. f4 Kd8 30. g5 Ne8 31. gxh6 gxh6 32. f5 exf5 33. Bc3 Nd6
34. Bf6+ Kc8 35. Qd2 Nxc4 36. Qxh6 Qd6 37. Qh8+ Rd8 38. Qxd8+ 1-0

[Event "4NCL/Div1/SWD1 vs. SLOS1"]
[Site "Sunningdale ENG"]
[Date "2006.09.16"]
[Round "1.1"]
[White "Cobb, James E"]
[Black "Jones, Gawain C B"]
[Result "1/2-1/2"]
[WhiteElo "2370"]
[BlackElo "2416"]
[PlyCount "118"]
[EventDate "2006.09.16"]

1. d4 Nf6 2. Nf3 e6 3. c4 c5 4. d5 b5 5. Bg5 Qa5+ 6. Nbd2 Be7 7. Qc2 bxc4 8. e4
d6 9. Bxc4 e5 10. O-O O-O 11. a3 Bg4 12. Rfb1 Bxf3 13. Nxf3 Nbd7 14. Qe2 Qc7
15. Bb5 a5 16. Bxd7 Qxd7 17. Bxf6 Bxf6 18. Nd2 Rfb8 19. Nc4 Be7 20. Qc2 Qb5 21.
Rd1 Qb3 22. Qxb3 Rxb3 23. Kf1 Kf8 24. Ke2 Ke8 25. Rd3 Rb5 26. Rc1 Kd7 27. Rcc3
Rab8 28. Rf3 Ke8 29. Kd1 R5b7 30. Kc2 a4 31. b3 Ra7 32. Nb2 axb3+ 33. Rxb3 Rba8
34. Nc4 f6 35. Rfc3 g6 36. g4 Kf7 37. Rb6 h5 38. gxh5 gxh5 39. Rh3 Kg6 40. Rg3+
Kf7 41. Rf3 Rd8 42. h4 Kg6 43. Kb3 Rda8 44. Ka2 Ra4 45. Nxd6 Bxd6 46. Rxd6 Rf8
47. Rg3+ Kh6 48. f3 Rd4 49. Kb3 Rb8+ 50. Kc3 Ra8 51. Rxf6+ Kh7 52. Rf7+ Kh6 53.
Rf6+ Kh7 54. Rf5 Kh6 55. Rxe5 Rxa3+ 56. Kb2 Re3 57. Re6+ Kh7 58. Re7+ Kh6 59.
Reg7 Re2+ 1/2-1/2

[Event "4NCL/Div1/SWD1 vs. SLOS1"]
[Site "Sunningdale ENG"]
[Date "2006.09.16"]
[Round "1.2"]
[White "Martyn, Rafe"]
[Black "Cooper, John G"]
[Result "0-1"]
[WhiteElo "2288"]
[BlackElo "2345"]
[PlyCount "110"]
[EventDate "2006.09.16"]

1. d4 d5 2. c4 e6 3. g3 c5 4. cxd5 exd5 5. Nf3 Nf6 6. Bg2 Be7 7. O-O O-O 8. Nc3
Nc6 9. Bg5 cxd4 10. Nxd4 h6 11. Bf4 Bg4 12. h3 Bh5 13. Nf5 Bg6 14. Nxe7+ Qxe7
15. Be3 Rad8 16. Bd4 Ne4 17. e3 Rfe8 18. Qa4 Nxc3 19. Bxc3 Be4 20. Rad1 Qg5 21.
Qb5 Rd7 22. Rd2 a6 23. Qb3 Red8 24. Rfd1 Bxg2 25. Kxg2 Qf5 26. Bd4 Rc8 27. Bc3
Rcd8 28. Qc2 Qe6 29. b3 Ne7 30. Qd3 Nf5 31. Qe2 Qc6 32. Bd4 Qe6 33. Qf3 Nd6 34.
Qg4 Nf5 35. Bb2 f6 36. Qf3 Kh7 37. h4 Ne7 38. h5 Kg8 39. Rd4 Nc6 40. R4d2 Ne5
41. Qf4 b5 42. Rd4 Nc6 43. R4d3 Ne5 44. Rd4 Nc6 45. R4d3 Ne5 46. R3d2 a5 47.
Rc1 a4 48. Rc5 axb3 49. axb3 d4 50. Rxd4 Nd3 51. Rxd3 Rxd3 52. b4 R3d5 53. Rc7
Rxh5 54. Bd4 Qh3+ 55. Kf3 Rf5 0-1

[Event "4NCL/Div1/SWD1 vs. SLOS1"]
[Site "Sunningdale ENG"]
[Date "2006.09.16"]
[Round "1.3"]
[White "Jones, Richard S"]
[Black "Tweedie, Steven"]
[Result "0-1"]
[WhiteElo "2342"]
[BlackElo "2241"]
[PlyCount "114"]
[EventDate "2006.09.16"]

1. e4 e5 2. Nf3 Nc6 3. Bb5 a6 4. Ba4 Nf6 5. O-O b5 6. Bb3 Bc5 7. c3 d6 8. a4
Bb7 9. d4 Bb6 10. Re1 h6 11. Qd3 O-O 12. Nbd2 Re8 13. d5 Ne7 14. Nf1 Qd7 15.
Bc2 Nexd5 16. Nh4 Nf4 17. Bxf4 exf4 18. Nd2 Ng4 19. Rf1 Ne5 20. Qe2 Qg4 21.
Qxg4 Nxg4 22. h3 Nf6 23. Rfe1 g6 24. Nhf3 Kf8 25. Bd3 Re7 26. e5 dxe5 27. Rxe5
Rxe5 28. Nxe5 Re8 29. Nef3 Bxf3 30. Nxf3 Ne4 31. Bxe4 Rxe4 32. axb5 axb5 33.
Kf1 Ra4 34. Rd1 b4 35. cxb4 Rxb4 36. Rd2 Re4 37. Rc2 Ke7 38. Nd2 Rb4 39. Nc4
Kf6 40. Nxb6 cxb6 41. f3 Kf5 42. Rd2 Rb5 43. Re2 g5 44. Rd2 h5 45. Re2 g4 46.
hxg4+ hxg4 47. fxg4+ Kxg4 48. Kf2 Rb3 49. Rd2 f5 50. Rc2 Rd3 51. Ke2 Rg3 52.
Kf2 f3 53. Rc4+ f4 54. gxf3+ Rxf3+ 55. Kg2 Rd3 56. Rc2 b5 57. Rf2 f3+ 0-1

[Event "4NCL/Div1/SWD1 vs. SLOS1"]
[Site "Sunningdale ENG"]
[Date "2006.09.16"]
[Round "1.4"]
[White "Williams, Samuel G"]
[Black "Trevelyan, John"]
[Result "1-0"]
[WhiteElo "2245"]
[BlackElo "2243"]
[PlyCount "59"]
[EventDate "2006.09.16"]

1. d4 d6 2. e4 e5 3. Nf3 Nd7 4. dxe5 Nxe5 5. Nc3 Nf6 6. h3 Be7 7. Bf4 Ng6 8.
Be3 O-O 9. Qd2 Re8 10. O-O-O Bf8 11. Bc4 Be6 12. Bxe6 fxe6 13. h4 Ng4 14. h5
N6e5 15. Nxe5 Nxe5 16. Qe2 c6 17. f4 Nf7 18. g4 e5 19. g5 exf4 20. g6 fxe3 21.
gxf7+ Kxf7 22. Qc4+ Ke7 23. Rhf1 Kd7 24. Rf7+ Kc8 25. Qb4 Rb8 26. Nb5 Be7 27.
Qc4 a6 28. Qe6+ Qd7 29. Nxd6+ Bxd6 30. Qxd7# 1-0

[Event "4NCL/Div1/SWD1 vs. SLOS1"]
[Site "Sunningdale ENG"]
[Date "2006.09.16"]
[Round "1.6"]
[White "Roberson, Peter T"]
[Black "Zeidler, Sven P"]
[Result "1-0"]
[WhiteElo "2122"]
[BlackElo "2232"]
[PlyCount "83"]
[EventDate "2006.09.16"]

1. e4 d5 2. exd5 Qxd5 3. Nf3 Bg4 4. Be2 Nc6 5. h3 Bxf3 6. Bxf3 Qe6+ 7. Qe2 Nd4
8. Qxe6 Nxf3+ 9. gxf3 fxe6 10. O-O Nh6 11. Re1 Nf5 12. c3 Kf7 13. d4 g5 14. Nd2
Nh4 15. Kf1 h5 16. Ne4 Bh6 17. Ke2 Ng2 18. Rg1 Nf4+ 19. Bxf4 gxf4 20. Nc5 Rad8
21. Nd3 Rhg8 22. Rae1 b6 23. Ne5+ Kf6 24. Nc6 Ra8 25. Kd3 Rg5 26. h4 Rgg8 27.
Ke4 a5 28. c4 Raf8 29. d5 exd5+ 30. Kxd5 Rxg1 31. Rxg1 e6+ 32. Ke4 Rf7 33. Rg8
Rg7 34. Rh8 Rg6 35. Ne5 Bg7 36. Nxg6 Kxg6 37. Rc8 Bf6 38. Rxc7 Bxh4 39. Rc6
Bxf2 40. Rxe6+ Kf7 41. Rh6 h4 42. Kxf4 1-0

[Event "4NCL/Div1/SWD1 vs. SLOS1"]
[Site "Sunningdale ENG"]
[Date "2006.09.16"]
[Round "1.7"]
[White "James, David J"]
[Black "Kafka, Graeme"]
[Result "1/2-1/2"]
[WhiteElo "2216"]
[BlackElo "2134"]
[PlyCount "70"]
[EventDate "2006.09.16"]

1. Nf3 d5 2. d4 Nf6 3. c4 c6 4. Nc3 dxc4 5. a4 Bf5 6. Ne5 Nbd7 7. Nxc4 Nb6 8.
Ne5 a5 9. f3 Nfd7 10. Nxd7 Nxd7 11. e4 Bg6 12. Be3 Qb6 13. Qd2 e5 14. dxe5 Bc5
15. Bxc5 Nxc5 16. Bc4 Rd8 17. Qe2 O-O 18. h4 h6 19. h5 Bh7 20. Rd1 Rxd1+ 21.
Kxd1 Qb4 22. Kc2 Nxa4 23. Nxa4 Qxa4+ 24. Kb1 b5 25. Ba2 Rd8 26. Rc1 Kh8 27. Qe3
Bg8 28. Qc3 Rd1 29. Qxc6 Rxc1+ 30. Qxc1 Qd4 31. Bd5 Qxe5 32. g4 Qd4 33. f4 f6
34. Qc8 Qd1+ 35. Ka2 Qa4+ 1/2-1/2

[Event "4NCL/Div1/SWD1 vs. SLOS1"]
[Site "Sunningdale ENG"]
[Date "2006.09.16"]
[Round "1.8"]
[White "Martin, Katie"]
[Black "Smith, Olivia"]
[Result "1/2-1/2"]
[WhiteElo "1939"]
[BlackElo "1980"]
[PlyCount "61"]
[EventDate "2006.09.16"]

1. e4 e5 2. Nf3 Nc6 3. Nc3 Nf6 4. d4 exd4 5. Nxd4 Bb4 6. Nxc6 bxc6 7. Bd3 Qe7
8. O-O O-O 9. Re1 d6 10. Bg5 Qe5 11. Qd2 Ng4 12. Bf4 Qf6 13. h3 Ne5 14. Be2 h6
15. Kh1 Be6 16. Be3 Nc4 17. Bxc4 Bxc4 18. Bd4 Qg6 19. Re3 f6 20. Rg3 Qh5 21. a3
Ba5 22. b3 Ba6 23. b4 Bb6 24. Be3 Kh8 25. Re1 Rae8 26. a4 Bc4 27. a5 Bxe3 28.
Rgxe3 a6 29. Ne2 Bxe2 30. R1xe2 Qb5 31. Re1 1/2-1/2

[Event "4NCL/Div1/WGR vs. BET"]
[Site "Sunningdale ENG"]
[Date "2006.09.16"]
[Round "1.1"]
[White "Turner, Matthew J"]
[Black "Ansell, Simon"]
[Result "1-0"]
[WhiteElo "2489"]
[BlackElo "2391"]
[PlyCount "77"]
[EventDate "2006.09.16"]

1. d4 d5 2. c4 c6 3. Nf3 Nf6 4. e3 Bf5 5. cxd5 cxd5 6. Qb3 Qc7 7. Bd2 e6 8.
Bb5+ Nc6 9. O-O Nd7 10. Rc1 Rc8 11. Na3 Be4 12. Bb4 Bxf3 13. gxf3 Bxb4 14. Bxc6
bxc6 15. Qxb4 a5 16. Qa4 O-O 17. Rc3 Qd6 18. Rac1 Qb4 19. Qc2 e5 20. Qf5 exd4
21. Nc2 Qd6 22. Nxd4 c5 23. Qg5 h6 24. Qg4 Rfd8 25. Nf5 Qf6 26. f4 Rb8 27. b3
Kf8 28. Rd3 h5 29. Qxh5 g6 30. Qh6+ Kg8 31. Ng3 d4 32. exd4 cxd4 33. Ne4 Qg7
34. Qxg7+ Kxg7 35. Rc7 Rbc8 36. Rxc8 Rxc8 37. Rxd4 Nf8 38. Ra4 Ne6 39. Ng5 1-0

[Event "4NCL/Div1/WGR vs. BET"]
[Site "Sunningdale ENG"]
[Date "2006.09.16"]
[Round "1.2"]
[White "Pert, Richard G"]
[Black "Martin, Andrew D"]
[Result "1/2-1/2"]
[WhiteElo "2445"]
[BlackElo "2433"]
[PlyCount "31"]
[EventDate "2006.09.16"]

1. d4 Nf6 2. c4 c5 3. d5 e5 4. Nc3 d6 5. e4 Nbd7 6. Bd3 Be7 7. h3 h5 8. Be3 Nf8
9. a3 Ng6 10. b4 b6 11. Nf3 h4 12. Ne2 Nh5 13. Rb1 O-O 14. Qc2 Ngf4 15. Nxf4
Nxf4 16. Bxf4 1/2-1/2

[Event "4NCL/Div1/WGR vs. BET"]
[Site "Sunningdale ENG"]
[Date "2006.09.16"]
[Round "1.3"]
[White "Sowray, Peter J"]
[Black "Ledger, Andrew J"]
[Result "0-1"]
[WhiteElo "2357"]
[BlackElo "2411"]
[PlyCount "128"]
[EventDate "2006.09.16"]

1. e4 d5 2. exd5 Qxd5 3. Nf3 Nf6 4. d4 c6 5. c4 Qd6 6. Nc3 Nbd7 7. Qe2 g6 8. g3
Bg7 9. Bf4 Qb4 10. Bg2 O-O 11. O-O Nb6 12. Ne5 Be6 13. c5 Nbd5 14. Nxd5 Nxd5
15. Be3 Nxe3 16. Qxe3 Rad8 17. Rfd1 Bd5 18. a3 Qb3 19. Bxd5 Qxd5 20. b4 Qe6 21.
Re1 Rd5 22. Nf3 Qg4 23. Kg2 e6 24. h3 Qf5 25. Rad1 Rfd8 26. Rd2 h5 27. h4 R5d7
28. Red1 Qd5 29. Kg1 Bh6 30. Qxh6 Qxf3 31. Qe3 Qd5 32. f4 Qc4 33. Qd3 Qxd3 34.
Rxd3 Kg7 35. Kf2 Kf6 36. Ke3 Kf5 37. a4 f6 38. Rb3 Rd5 39. Rd2 Kg4 40. Rdd3 e5
41. fxe5 fxe5 42. dxe5 Rxe5+ 43. Kf2 Red5 44. Rxd5 Rxd5 45. Re3 Rd2+ 46. Kf1
Rb2 47. b5 cxb5 48. axb5 Rxb5 49. c6 bxc6 50. Re6 Rc5 51. Rxg6+ Kf3 52. Ke1 a5
53. Kd2 a4 54. Rg5 Rb5 55. Rg6 a3 56. Rxc6 Ra5 57. Rc3+ Kg4 58. Rc1 a2 59. Ra1
Kxg3 60. Ke3 Ra4 61. Rg1+ Kxh4 62. Ra1 Kg3 63. Rg1+ Kh2 64. Ra1 Kg2 0-1

[Event "4NCL/Div1/WGR vs. BET"]
[Site "Sunningdale ENG"]
[Date "2006.09.16"]
[Round "1.4"]
[White "Hunt, Harriet"]
[Black "Pein, Malcolm"]
[Result "1/2-1/2"]
[WhiteElo "2439"]
[BlackElo "2400"]
[PlyCount "60"]
[EventDate "2006.09.16"]

1. e4 c5 2. Nf3 Nc6 3. Bb5 d6 4. O-O Bd7 5. Re1 Nf6 6. h3 e6 7. c3 a6 8. Bf1
Be7 9. d4 cxd4 10. cxd4 d5 11. e5 Ne4 12. Nbd2 Nxd2 13. Bxd2 Qb6 14. Bc3 O-O
15. Bd3 f5 16. exf6 Rxf6 17. Rc1 Raf8 18. Rc2 Rxf3 19. gxf3 Bd6 20. Kg2 Qd8 21.
Rh1 Qh4 22. Rd2 Be8 23. Be2 Bf4 24. Rc2 Bg6 25. Bd3 Bh5 26. Be2 Rf6 27. Kf1 Bg6
28. Bd3 Bh5 29. Be2 Bg6 30. Bd3 Bh5 1/2-1/2

[Event "4NCL/Div1/WGR vs. BET"]
[Site "Sunningdale ENG"]
[Date "2006.09.16"]
[Round "1.5"]
[White "Tan, Desmond"]
[Black "Webb, Laurence E"]
[Result "1/2-1/2"]
[WhiteElo "2334"]
[BlackElo "2321"]
[PlyCount "63"]
[EventDate "2006.09.16"]

1. e4 e6 2. d4 d5 3. Nc3 Bb4 4. e5 c5 5. Bd2 Nh6 6. Bd3 cxd4 7. Nb5 Bxd2+ 8.
Qxd2 O-O 9. Nf3 Nc6 10. Nbxd4 f6 11. Nxc6 bxc6 12. Qc3 Ng4 13. O-O fxe5 14.
Nxe5 Nxe5 15. Qxe5 Qf6 16. Rae1 Qxe5 17. Rxe5 Rb8 18. b3 Rf6 19. f4 Rb6 20. g3
a5 21. a4 Ba6 22. Bxa6 Rxa6 23. Kf2 Kf7 24. Ke3 c5 25. Kd3 Rf5 26. Rfe1 Rxe5
27. Rxe5 Rb6 28. Kd2 Kf6 29. c4 Rxb3 30. cxd5 exd5 31. Rxd5 Ra3 32. Rxc5
1/2-1/2

[Event "4NCL/Div1/WGR vs. BET"]
[Site "Sunningdale ENG"]
[Date "2006.09.16"]
[Round "1.6"]
[White "Duncan, Christopher R"]
[Black "Tiller, Bjorn"]
[Result "1/2-1/2"]
[WhiteElo "2311"]
[BlackElo "2353"]
[PlyCount "96"]
[EventDate "2006.09.16"]

1. c4 g6 2. Nc3 Bg7 3. e4 Nc6 4. g3 d6 5. Bg2 h5 6. Nge2 e5 7. h4 f5 8. d3 Be6
9. Be3 Qd7 10. Nd5 Nf6 11. Qd2 fxe4 12. dxe4 O-O 13. O-O Ng4 14. Bg5 Nd4 15. f3
Nxe2+ 16. Qxe2 Nf6 17. Rfd1 c6 18. Nc3 Qc7 19. Rd2 Rf7 20. Rad1 Bf8 21. Kh2 a5
22. Be3 Nd7 23. Bh3 Bxh3 24. Kxh3 Be7 25. Kg2 Nf8 26. Bg5 Ne6 27. Bxe7 Qxe7 28.
Rxd6 Nd4 29. R6xd4 exd4 30. Rxd4 g5 31. hxg5 Qxg5 32. Qd2 Qg7 33. Rd3 Raf8 34.
Ne2 h4 35. f4 Qg4 36. Qe3 Rg7 37. Qf3 Qe6 38. b3 hxg3 39. Nxg3 Qf6 40. f5 Kh8
41. Qf4 a4 42. Rd6 Qb2+ 43. Kh3 Qxa2 44. Rh6+ Kg8 45. Qd6 Qxb3 46. Qe6+ Rff7
47. Qe8+ Rf8 48. Qe6+ Rff7 1/2-1/2

[Event "4NCL/Div1/WGR vs. BET"]
[Site "Sunningdale ENG"]
[Date "2006.09.16"]
[Round "1.7"]
[White "Lee, Graham D"]
[Black "Ledger, David J"]
[Result "0-1"]
[WhiteElo "2290"]
[BlackElo "2274"]
[PlyCount "82"]
[EventDate "2006.09.16"]

1. e4 e5 2. Nf3 Nc6 3. Bc4 Nf6 4. Ng5 d5 5. exd5 Na5 6. Bb5+ c6 7. dxc6 bxc6 8.
Be2 h6 9. Nf3 e4 10. Ne5 Bc5 11. O-O O-O 12. c3 Qc7 13. b4 Bd6 14. f4 Nb7 15.
d4 exd3 16. Qxd3 Rd8 17. Qf3 Be6 18. Nd2 Bxe5 19. fxe5 Qxe5 20. Ba6 Nd6 21. Nb3
Bd5 22. Bf4 Qe7 23. Qe3 Qe4 24. Qxe4 Nfxe4 25. Bxd6 Rxd6 26. c4 Be6 27. Bb7 Rb8
28. c5 Rd3 29. Na5 Ra3 30. Rfc1 Rxa5 31. bxa5 Rxb7 32. Rab1 Rd7 33. a6 Rd2 34.
Rb7 Rxa2 35. Rxa7 Bd5 36. Ra8+ Kh7 37. a7 Ng5 38. h4 Ne6 39. h5 Nc7 40. Rc8
Rxa7 41. Re1 Ne6 0-1